Statistiques concernant Répondez aux Réponses... #2

Cliquez ici pour prendre le quiz!

Statistiques générales

  • Ce quiz a été pris 774 fois
  • Le résultat moyen est 10 sur 16

Statistiques - réponses

QuestionRéponse% Correct
Liquide essentiel à la Vie.Eau
100%
Élément que l'_____ éteint.Feu
91%
Créature légendaire qui serait capable de cracher du _____.Dragon
89%
Pays où le _____ est un symbole important.Chine
72%
Couleur de la fourrure du ______.Gris
62%
Animal national de la ______.Panda Géant
61%
Planète connue pour ses grands _______.Saturne
58%
Saga de livres et de films d'où provient _______.Seigneur des Anneaux
58%
Dictateur de la civilisation _______ le plus connu.Jules César
57%
Cousin Australien du _____.Koala
57%
Mythologie auquel le dieu _______ appartient .Romaine
57%
Musée dont l'extérieur est en forme de ________ à Paris.Louvre
55%
Attractions touristiques d'aujourd'hui qui dans le temps servaient de tombeaux aux ______.Pyramides
55%
Maîtresse de _____ _____ avec qui elle aura un enfant.Cléopâtre VII
50%
Magicien qui était _____ mais après son combat contre le Balrog il est revenu blanc.Gandalf
50%
Nom donné aux rois du pays de ________.Pharaons
50%

Distribution des résultats

Percentile par nombre de réponses

% des personnes avec chaque résultat

Votre développement - résultats

Vous n’avez pas pris ce quiz